000 01056nam a22003017a 4500
003 CHAP
005 20220329141418.0
008 971013s1986 r 00010 d
010 _a67753
011 _a68725
035 _a78198
040 _cCHAP
090 _aFolleto 11343
100 0 0 _aGonzález Loera, Jorge.
_949101
245 _aIntroducción a la ecología
_b: notas para propedéutico I y II ciclo 86-87, proyecto hacia una forma alternativa de docencia
260 _aChapingo, Méx. :
_bUACH. Departamento de Preparatoria Agrícola,
_c1986
300 _a44 p.
590 _aBATCH-UPD
_b10
_c20130110
_lUCH01
_h1804
590 _aBATCH-UPD
_b10
_c20130410
_lUCH01
_h1139
590 _aBATCH-UPD
_b10
_c20130914
_lUCH01
_h1228
590 _aCONVERSION
_b10
_c20130109
_lUCH01
_h1337
650 1 4 _aEcología.
_935134
901 _aBK
942 _cFOLL
949 _aFolleto 11343
_bBC
_cFOLL
_d-31072
_eTS1
_i78198
_si
949 _aFolleto 11343
_bBC
_cFOLL
_d-95771
_eTS2
_fc.2
_i78198
_si
949 _aFolleto 11343
_bBC
_cUACH
_d-95772
_eUACH
_fc.3
_i78198
_si
999 _c67753
_d67753